Oscar du meilleur réalisateur - Mort subite - Statistiques

Statistiques générales
  • Ce quiz a été pris 714 fois
  • Le résultat moyen est 5 sur 20
Answers on the Grid
Answers color-coded by a green-red scale on the quiz's grid according to % correct below.
Frank Capra
Elia Kazan
Francis Ford Coppola
Miloš Forman
Woody Allen
Sydney Pollack
Kevin Costner
Clint Eastwood
Steven Spielberg
Robert Zemeckis
Mel Gibson
James Cameron
Roman Polanski
Peter Jackson
les frères Coen
Martin Scorsese
Kathryn Bigelow
Guillermo del Toro
Christopher Nolan
Alfonso Cuarón
Jean Renoir
François Truffaut
Quentin Tarantino
David Fincher
Jean-Luc Godard
Orson Welles
Alfred Hitchcock
George Clooney
Sofia Coppola
Ridley Scott
David Lynch
Tim Burton
Charlie Chaplin
Stanley Kubrick
Ingmar Bergman
George Lucas
 
Statistiques - réponses
Réponse % Correct
Martin Scorsese
43%
Christopher Nolan
41%
Clint Eastwood
39%
Steven Spielberg
39%
Francis Ford Coppola
36%
James Cameron
34%
Roman Polanski
29%
Peter Jackson
28%
Miloš Forman
27%
les frères Coen
26%
Guillermo del Toro
25%
Alfonso Cuarón
24%
Robert Zemeckis
20%
Woody Allen
20%
Kathryn Bigelow
19%
Kevin Costner
18%
Mel Gibson
18%
Frank Capra
16%
Sydney Pollack
12%
Elia Kazan
10%
Aucun quiz correspondant
Distribution des résultats
% des personnes avec chaque résultat
Percentile par nombre de réponses
Votre historique - résultats
Vous n’avez pas pris ce quiz